00447nam a2200169 a 450000100060000000300090000600800410001502000150005604000280007108200180009910000220011724500390013926000330017830000110021165000280022265000270025019044CO-ViMGA141112s2004 ck r 000 u spa d a9701027825 aCO-ViMGAbspacCO-ViMGA04a636.108 S181s1 aSavage, Catherine10aSecretos de la medicina de equinos aMexico : bMcGraw Hill; 1999 a381 p.14aCABALLOS - ENFERMEDADES14aEQUINOS - ENFERMEDADES